Povídky ke kávě IX.

Saved in:
Bibliographic Details
Main Author Hrabáková, Hana
Format Electronic eBook
LanguageCzech
Published Machart 2023
Edition1. elektronické vydání
Subjects
Online AccessDostupné v BOOKPORT po přihlášení pomocí eduID
ISBN978-80-7656-079-6
978-80-7656-098-9
978-80-7656-076-5
Physical Description1 online zdroj (80 stran)

Cover

LEADER 00000nam a2200000 i 4500
001 bkp664811901
003 CZ-prgp
005 20260205135742.0
006 m o d
007 cr cn
008 260205s2023 xr o 000 1 cze
020 |a 978-80-7656-079-6  |c 99 Kč  |q (online ; pdf) 
020 |a 978-80-7656-098-9  |c 99 Kč  |q (online ; epub) 
020 |a 978-80-7656-076-5  |c 169 Kč  |q (print) 
040 |a Grada  |b cze  |e rda 
100 1 |a Hrabáková, Hana 
245 1 0 |a Povídky ke kávě IX.  |c Hana Hrabáková 
250 |a 1. elektronické vydání 
264 1 |b Machart  |c 2023 
300 |a 1 online zdroj (80 stran) 
336 |a text  |b txt  |2 rdacontent 
337 |a počítač  |b c  |2 rdamedia 
338 |a online zdroj  |b cr  |2 rdacarrier 
520 3 |a Hana Hrabáková v předchozích letech úspěšně publikovala již osm dílů cyklu "Povídky ke kávě" a letos přichází s další částí této povídkové série. Autorka oslovuje čtenáře uceleným souborem humorných textů doslova "ze života". Podtitul aktuální povídkové knihy "Jak přežít střední věk" napovídá, že děj jednotlivých příběhů se bude točit okolo zádrhelů a škobrtanců s vážnými i méně vážnými důsledky, které se mohou dostavit, když nedobrovolně překročíme hranici dělící "mládí" od "stáří" a pokoušíme se srovnat s novou a definitivní životní perspektivou... Nutno dodat, že vzpomínky opět hýří humorem, nadsázkou a ironií. Hana Hrabáková dobře ví, o čem píše vždyť jen literárně vypointovala to, co čtenářky a čtenáři také zažívali a na co s jistou dávkou shovívavé nostalgie vzpomínají i dnes 
650 0 4 |a Humor, satira 
856 4 0 |u https://www.bookport.cz/AccountSaml/SignIn/?idp=https://shibboleth.utb.cz/idp/shibboleth&returnUrl=/kniha/povidky-ke-kave-ix-15715/  |y Dostupné v BOOKPORT po přihlášení pomocí eduID